000 01254njm a2200313Ia 4500
001 E7752
003 IT-RoPAU
005 20220918181150.0
008 131025s9999 xx 000 0 und d
040 _aIT-RoPAU
040 _cIT-RoPAU
041 _aITALIANO
999 _c102035
_d102035
999 _bn.d.
100 _aRuggeri Enrico
_931990
100 _eAutore musica
_931991
100 _gCodice autore musica SPICS: 9765
_931992
245 _aDomani รจ un altro giorno
250 _a1a ed.
260 _aCOLOGNO MONZESE
260 _bRTI MUSIC
_c1997 [1a Ed.:1997 - Ed. Lingua Orig.: 1997]
300 _aCOMPACT DISC
300 _c48 minuti (Testo: pag.)
500 _aMusica rock. Cantautore.
505 _aNeve al sole - Volti perduti - Quando i vecchi si innamorano (Schiavone Luigi) - Il prestigiatore (Palermo ) - ...E Geppetto rimase di nuovo solo - Il mercato dell'usato (Schiavone Luigi) - Il mio cuore grande - Il fantasista - La poesia - Notte di calore - La gente di cuore.
650 _aROCK [COMPACT DISC]
_eCodice MATERIA SPICS: 9949
_931993
700 _aRuggeri Enrico
_eAutore testo e musica
_gCodice autore testo/musica SPICS: 9765
_931994
700 _aRuggeri Enrico
_gCodice interprete SPICS: 9765
_eInterprete
_931995
942 _cCD
_2ddc